000 01055cam a2200277 a 4500
999 _c19413
_d19413
001 1088657
005 20170116123129.0
008 920810s1992 nyu b 001 0 eng
010 _a 92031505
020 _a0805787275
020 _a0805787283 (pbk.)
050 0 0 _aPR2803 .W37 1992
100 1 _aWard, John Powell,
_d1937-
245 1 0 _aAs you like it /
_cJohn Powell Ward.
260 _aNew York :
_bTwayne Publishers,
_cc1992.
300 _axlvi, 114 p. ;
_c22 cm.
440 0 _aTwayne's new critical introductions to Shakespeare ;
_vno. 15
504 _aIncludes bibliographical references (p. 102-109) and index.
600 1 0 _aShakespeare, William,
_d1564-1616.
_tAs you like it.
942 _2lcc
_cBOOKS
_hPR2803 .W37 1992